| 000 | 00000nam 2200000zi 4500 |
| 001 | 9.559733 |
| 003 | CaOODSP |
| 005 | 20211008102035 |
| 007 | cr ||||||||||| |
| 008 | 150406s2004||||xxc|||||o f|0| 0 eng d |
| 040 | |aCaOODSP|beng |
| 043 | |an-cn--- |
| 086 | 1 |aYM32-6/04-43E-PDF |
| 100 | 1 |aCool, Julie, |eauthor. |
| 245 | 10|aProstitution in Canada : |ban overview / |cJulie Cool. |
| 246 | 10|aOverview |
| 264 | 1|bLibrary of Parliament, |cSeptember 1, 2004. |
| 300 | |a1 online resource (20 pages). |
| 336 | |atext|btxt|2rdacontent |
| 337 | |acomputer|bc|2rdamedia |
| 338 | |aonline resource|bcr|2rdacarrier |
| 490 | 1 |a[Modular backgrounders] ; |vPRB 04-43E |
| 590 | |a06-10-Supp|b2006-12-15 |
| 690 | 07|aDemographic data|2gcpds |
| 690 | 07|aGovernment policy|2gcpds |
| 690 | 07|aProstitution|2gcpds |
| 690 | 07|aWomen|2gcpds |
| 710 | 1 |aCanada.|bLibrary of Parliament. |bParliamentary Research Branch, |eissuing body. |
| 775 | 08|tLa prostitution au Canada : |w(CaOODSP)9.592457 |
| 830 | #0|a[Modular backgrounders]|vPRB 04-43E|w(CaOODSP)9.504922 |
| 856 | 40|ahttp://publications.gc.ca|qPDF|s1304 KB|uhttps://publications.gc.ca/collections/Collection-R/LoPBdP/PRB-e/PRB0443-e.pdf|yPRB 04-43E |